[Event "Michigan Junior"]
[Site "Flint, MI"]
[Date "1997.03.15"]
[Round "1.3"]
[White "Mankiewicz, Ryan"]
[Black "Arenson, Kevin"]
[Result "1-0"]
[WhiteElo "2008"]
[BlackElo "1108"]
[PlyCount "79"]
[EventDate "1997.03.15"]

1. e4 e5 2. Nf3 Nc6 3. d4 exd4 4. Bc4 Be7 5. Nxd4 d6 6. Nc3 Nxd4 7. Qxd4 Bf6 8.
Qd3 Ne7 9. O-O O-O 10. Be3 Be6 11. Rad1 Nc6 12. Bxe6 fxe6 13. Qc4 Qe7 14. f4
Kh8 15. e5 Bxe5 16. fxe5 Nxe5 17. Qe4 b6 18. Rde1 Rxf1+ 19. Rxf1 Rb8 20. Ne2 c5
21. Bf4 Ng6 22. Rd1 e5 23. Bg3 a6 24. Qc6 Rd8 25. Qxb6 Nf8 26. Nc3 Ne6 27. Qxa6
Nd4 28. Qc4 Qb7 29. Na4 Qe4 30. b3 Ne2+ 31. Kh1 Nxg3+ 32. hxg3 Qe3 33. Qd3 Qh6+
34. Kg1 Qe6 35. Nxc5 Qg6 36. Qxg6 hxg6 37. c4 Rc8 38. Ne4 Ra8 39. Nxd6 Rxa2 40.
c5 1-0

[Event "Michigan Junior"]
[Site "Flint, MI"]
[Date "1997.03.15"]
[Round "3.17"]
[White "Luckett-Foulkes, Allen"]
[Black "Pleasant, Andrew"]
[Result "1-0"]
[WhiteElo "1284"]
[BlackElo "892"]
[PlyCount "42"]
[EventDate "1997.03.15"]

1. e4 c5 2. Nf3 d6 3. d4 cxd4 4. Nxd4 Nf6 5. Nc3 g6 6. Be3 Bg7 7. Be2 O-O 8.
O-O Nc6 9. h3 Be6 10. Nxe6 fxe6 11. Bc4 Kf7 12. Qf3 Ne5 13. Qe2 Nxc4 14. Qxc4
Rc8 15. Qb3 b6 16. f4 Bh6 17. Rad1 Qd7 18. e5 Nh5 19. g4 Ng7 20. g5 Bxg5 21.
fxg5+ Kg8 {Remainder illegible, 26?} 1-0

[Event "Michigan Junior"]
[Site "Flint, MI"]
[Date "1997.03.15"]
[Round "1.16"]
[White "Krasowski, Simon"]
[Black "King, Edwin"]
[Result "0-1"]
[WhiteElo "854"]
[BlackElo "1374"]
[PlyCount "76"]
[EventDate "1997.03.15"]

1. e4 e5 2. Nf3 Nc6 3. Bc4 Nf6 4. d3 d5 5. exd5 Nxd5 6. O-O Bc5 7. c3 O-O 8. d4
exd4 9. cxd4 Bb6 10. h3 Bf5 11. Bd3 Bxd3 12. Qxd3 Ndb4 13. Qc4 Bxd4 14. Rd1
Bxf2+ 15. Kxf2 Qxd1 16. Nc3 Qd3 17. Qh4 Rae8 18. Ng5 Qd4+ 19. Qxd4 Nxd4 20. Be3
Rxe3 21. a3 Nbc2 22. Rd1 Rfe8 23. Nf3 Nxf3 24. gxf3 Re1 25. Rd2 Na1 26. Ne4 Rc1
27. Kg3 Nb3 28. Rd3 Na5 29. b4 Nc4 30. f4 h6 31. Nf2 Re3+ 32. Kg4 Rxd3 33. Nxd3
Rc3 34. Nf2 Ne3+ 35. Kh4 Rxa3 36. Kh5 Nd5 37. f5 Rf3 38. Ng4 Rxh3# 0-1

[Event "Michigan Junior"]
[Site "Flint, MI"]
[Date "1997.03.15"]
[Round "1.11"]
[White "King, Kenny"]
[Black "Nolan, Matthew"]
[Result "1-0"]
[WhiteElo "1476"]
[BlackElo "953"]
[PlyCount "89"]
[EventDate "1997.03.15"]

1. d4 d5 2. c4 c6 3. Nf3 Nf6 4. cxd5 cxd5 5. Nc3 e6 6. Bf4 Nc6 7. e3 Nh5 8. Bg3
Nxg3 9. hxg3 Be7 10. Bd3 Bd7 11. Rc1 Nb4 12. Bb1 g6 13. Ne5 Rc8 14. Qf3 O-O 15.
g4 a6 16. Qh3 h5 17. gxh5 Kg7 18. Qg4 Bg5 19. Nxd7 Qxd7 20. Qxg5 Qd8 21. Qxd8
Rfxd8 22. a3 Nc6 23. Ke2 gxh5 24. Rxh5 Rh8 25. Rch1 Rxh5 26. Rxh5 Rh8 27. Rxh8
Kxh8 28. Bd3 b5 29. b4 Kg7 30. g4 Ne7 31. f4 f5 32. g5 Kg6 33. a4 bxa4 34. Nxa4
Nc6 35. Bxa6 Nxb4 36. Bc8 Kf7 37. Nc5 Kg6 38. Bxe6 Na2 39. Kd3 Nb4+ 40. Kc3
Na2+ 41. Kb3 Nc1+ 42. Ka4 Na2 43. Kb3 Nc1+ 44. Kc2 Na2 45. Nd3 1-0

[Event "Michigan Junior"]
[Site "Flint, MI"]
[Date "1997.03.15"]
[Round "2.3"]
[White "King, Edwin"]
[Black "Mankiewicz, Ryan"]
[Result "0-1"]
[WhiteElo "1374"]
[BlackElo "2008"]
[PlyCount "56"]
[EventDate "1997.03.15"]

1. c4 e5 2. Nc3 d6 3. g3 f5 4. Bg2 Nf6 5. d3 Be7 6. Nf3 O-O 7. Qb3 Kh8 8. c5
Nc6 9. cxd6 cxd6 10. Bd2 Nd7 11. Nd5 Nc5 12. Qc2 Be6 13. Nxe7 Qxe7 14. Bg5 Qf7
15. b3 Rac8 16. O-O a5 17. Nd2 f4 18. gxf4 exf4 19. Qc3 Qg6 20. Nf3 h6 21. Bh4
Bh3 22. Bg3 Bxg2 23. Kxg2 fxg3 24. hxg3 Ne6 25. Rh1 Qf6 26. Qd2 Ne5 27. Qxa5
Nxf3 28. exf3 Qxf3+ 0-1

[Event "Michigan Junior"]
[Site "Flint, MI"]
[Date "1997.03.15"]
[Round "1.15"]
[White "Jewett, Brandon"]
[Black "Pleasant, Andrew"]
[Result "1-0"]
[WhiteElo "1374"]
[BlackElo "892"]
[PlyCount "44"]
[EventDate "1997.03.15"]

1. e4 c5 2. Nf3 d6 3. d4 cxd4 4. Nxd4 Nf6 5. Nc3 g6 6. Be3 Bg7 7. f3 O-O 8. Bc4
Qb6 9. Bb3 Nc6 10. Qd2 Bd7 11. Ne6 Qa6 12. Nxf8 Kxf8 13. Nd5 Na5 14. Nc7 Nxb3
15. cxb3 Qc6 16. Rc1 Nxe4 17. Rxc6 Nxd2 18. Nxa8 Nxf3+ 19. gxf3 Bxc6 20. Kf2 b6
21. Nc7 Bxb2 22. Na6 Ba3 {Remainder illegible, 60?} 1-0

[Event "Michigan Junior"]
[Site "Flint, MI"]
[Date "1997.03.15"]
[Round "3.8"]
[White "Hill, Brad"]
[Black "Raupp, Christine"]
[Result "1-0"]
[WhiteElo "1732"]
[BlackElo "1200"]
[PlyCount "97"]
[EventDate "1997.03.15"]

1. d4 e6 2. Nf3 f5 3. c4 Nf6 4. Bg5 b6 5. e3 Bb7 6. a3 Be7 7. Be2 O-O 8. O-O
Ne4 9. Bxe7 Qxe7 10. Nbd2 d6 11. b4 Nd7 12. Qc2 Qf6 13. a4 Qg6 14. a5 Rfc8 15.
a6 Bc6 16. b5 Nxd2 17. bxc6 Nxf3+ 18. Bxf3 Nf6 19. Rab1 Qe8 20. e4 fxe4 21.
Bxe4 Nxe4 22. Qxe4 Rd8 23. Rb5 d5 24. cxd5 Rxd5 25. Rxd5 exd5 26. Qxd5+ Kh8 27.
Qd7 Qe4 28. d5 Qe5 29. Qe6 Qf4 30. g3 Qf8 31. Re1 Rd8 32. Qe7 Kg8 33. Qxc7 Rxd5
34. Qxa7 Rd2 35. Qxb6 Rd6 36. Qb4 Kh8 37. c7 Rxa6 38. Qb8 Ra8 39. Qxf8+ Rxf8
40. Rd1 Kg8 41. Rd8 Rxd8 42. cxd8=Q+ Kf7 43. Qd6 h6 44. f4 Kg8 45. f5 Kh7 46.
Qg6+ Kg8 47. f6 Kf8 48. Qxg7+ Ke8 49. Qe7# 1-0

[Event "Michigan Junior"]
[Site "Flint, MI"]
[Date "1997.03.15"]
[Round "2.4"]
[White "Hartwig, Thomas"]
[Black "Roberts, Andy"]
[Result "1-0"]
[WhiteElo "1953"]
[BlackElo "1347"]
[PlyCount "99"]
[EventDate "1997.03.15"]

1. e4 e5 2. Nf3 Nc6 3. Bb5 d6 4. O-O Bd7 5. d3 Be7 6. Be3 a6 7. Ba4 Bf6 8. Nbd2
Nge7 9. c3 Be6 10. d4 exd4 11. cxd4 Bd7 12. Re1 Ng6 13. e5 dxe5 14. dxe5 Be7
15. Bc2 Ncxe5 16. Nxe5 Nxe5 17. Bd4 Nc6 18. Bxg7 Rg8 19. Bh6 Bh3 20. g3 Qd7 21.
Qh5 Bg4 22. Qc5 O-O-O 23. Qe3 Bf6 24. Ne4 Bd4 25. Qa3 Bh3 26. Rad1 Qd5 27. Be3
f5 28. Bxd4 Nxd4 29. Bb3 Qc6 30. Bxg8 Rxg8 31. Rxd4 fxe4 32. Qc3 Qg6 33. Rdxe4
Kb8 34. Qb3 Qc6 35. Qxg8+ Ka7 36. Qb3 Bf5 37. Rc4 Qd6 38. Qe3+ Kb8 39. Rd4 Qf6
40. Qe5 Qxe5 41. Rxe5 Bc2 42. f4 c6 43. f5 Bxf5 44. Rxf5 h5 45. Rd7 h4 46. Rff7
hxg3 47. Rxb7+ Kc8 48. Ra7 gxh2+ 49. Kh1 Kd8 50. Rf8# 1-0

[Event "Michigan Junior"]
[Site "Flint, MI"]
[Date "1997.03.15"]
[Round "1.19"]
[White "Grant, Marco"]
[Black "McCrandell, James"]
[Result "1-0"]
[WhiteElo "1270"]
[BlackElo "686"]
[PlyCount "58"]
[EventDate "1997.03.15"]

1. e4 e5 2. Nf3 Nc6 3. Bc4 h6 4. c3 Nf6 5. Qc2 d5 6. exd5 Nxd5 7. Qb3 Be6 8.
Qxb7 Na5 9. Qb5+ c6 10. Qa4 Nxc4 11. Qxc6+ Bd7 12. Qxd5 Rc8 13. O-O Bd6 14. b3
Rc5 15. Qd3 Bc6 16. bxc4 e4 17. Qe3 Rxc4 18. Nd4 Bd5 19. Nf5 Bc5 20. Nxg7+ Kd7
21. Qh3+ Kc6 22. Na3 Bxa3 23. Bxa3 Qg8 24. Qg4 Kb7 25. Rab1+ Ka8 26. Bd6 Rc8
27. Rb2 Rh7 28. Rfb1 a5 29. Rb5 Qd8 {Remainder illegible, 34?} 1-0

[Event "Michigan Junior"]
[Site "Flint, MI"]
[Date "1997.03.15"]
[Round "3.15"]
[White "Grant, Marco"]
[Black "Black, Jesse"]
[Result "0-1"]
[WhiteElo "1270"]
[BlackElo "874"]
[PlyCount "104"]
[EventDate "1997.03.15"]

1. e4 e5 2. Nf3 d6 3. Bc4 Nc6 4. c3 h6 5. d4 exd4 6. cxd4 Nge7 7. Qb3 d5 8.
exd5 Na5 9. Qa4+ c6 10. dxc6 bxc6 11. Ne5 Nxc4 12. Qxc4 Be6 13. Qd3 Nd5 14.
Nxc6 Qc7 15. Qb5 Qd7 16. Nxa7 Nc7 17. Qb7 Bd5 18. Qb6 Qe6+ 19. Qxe6+ fxe6 20.
O-O Rxa7 21. a4 Bd6 22. Bd2 O-O 23. b4 Rb8 24. b5 Nxb5 25. Rc1 Nxd4 26. Be3
Ne2+ 27. Kf1 Nxc1 28. Bxa7 Rc8 29. Nd2 Nd3 30. Ke2 Be5 31. Rb1 Nf4+ 32. Kd1
Bxg2 33. a5 Ra8 34. Bb6 Nd5 35. Kc2 Rc8+ 36. Kd3 Rc3+ 37. Ke2 Rh3 38. Rc1 Nf4+
39. Kd1 Rxh2 40. Rc8+ Kh7 41. a6 Rh1+ 42. Kc2 Ra1 43. a7 h5 44. f3 h4 45. a8=Q
Rxa8 46. Rxa8 h3 47. Be3 h2 48. Ra4 h1=Q 49. Bxf4 Bxf4 50. Rxf4 Bh3 51. Rh4+
Kg8 52. Rxh3 Qxh3 0-1

[Event "Michigan Junior"]
[Site "Flint, MI"]
[Date "1997.03.15"]
[Round "1.7"]
[White "Gentry, Bronson"]
[Black "Frelander, Marc"]
[Result "1-0"]
[WhiteElo "1674"]
[BlackElo "1011"]
[PlyCount "67"]
[EventDate "1997.03.15"]

1. e4 e5 2. Nf3 Nc6 3. Bc4 h6 4. c3 Nf6 5. d3 d5 6. exd5 Nxd5 7. Qb3 Be6 8.
Qxb7 Na5 9. Qb5+ c6 10. Qa4 Nf4 11. Bxf4 exf4 12. Bxe6 fxe6 13. O-O Rb8 14. b4
Qf6 15. Qxa5 Qe7 16. Nd4 c5 17. Nc6 Qg5 18. Nxb8 f3 19. g3 Qf5 20. Qb5+ Kf7 21.
Qd7+ Kg8 22. Nd2 h5 23. Rfe1 h4 24. Qxe6+ Qxe6 25. Rxe6 cxb4 26. cxb4 Bxb4 27.
Nxf3 h3 28. Re8+ Bf8 29. Ng5 Rh5 30. f4 Rh6 31. Rae1 Rb6 32. Rxf8+ Kxf8 33.
Nd7+ Kg8 34. Re8# 1-0

[Event "Michigan Junior"]
[Site "Flint, MI"]
[Date "1997.03.15"]
[Round "1.20"]
[White "Funderburg, James"]
[Black "Saenz, Scott"]
[Result "0-1"]
[WhiteElo "562"]
[BlackElo "1299"]
[PlyCount "88"]
[EventDate "1997.03.15"]

1. e4 c5 2. Nf3 Nc6 3. Nc3 d6 4. d3 e5 5. Nd5 f5 6. c4 Be7 7. g3 Nf6 8. Bg2 O-O
9. O-O fxe4 10. dxe4 Nxe4 11. Nxe7+ Qxe7 12. Qd5+ Be6 13. Qxe4 Bf5 14. Bg5 Bxe4
15. Bxe7 Nxe7 16. Rfe1 Bxf3 17. Bxf3 Rxf3 18. b3 Raf8 19. Rf1 Nc6 20. Rad1 Nd4
21. Kg2 a6 22. a4 Rxb3 23. h4 Rb4 24. Rb1 b5 25. axb5 axb5 26. cxb5 Rxb5 27. f4
exf4 28. gxf4 Rxb1 29. Rxb1 Rxf4 30. Kg3 Ne2+ 31. Kh3 Kf7 32. Rb2 Rf3+ 33. Kg4
Nd4 34. h5 Rf5 35. Rb7+ Kf6 36. Rd7 Rg5+ 37. Kf4 Ne6+ 38. Ke4 d5+ 39. Rxd5 Rxd5
40. Kxd5 Kg5 41. Kxe6 c4 42. Kf7 c3 43. Kxg7 c2 44. Kxh7 c1=Q 0-1

[Event "Michigan Junior"]
[Site "Flint, MI"]
[Date "1997.03.15"]
[Round "2.20"]
[White "Funderburg, James"]
[Black "McAllister, Don"]
[Result "1-0"]
[WhiteElo "562"]
[BlackElo "1079"]
[PlyCount "73"]
[EventDate "1997.03.15"]

1. e4 e6 2. d4 d5 3. e5 c5 4. Nf3 Nc6 5. c3 cxd4 6. cxd4 Bb4+ 7. Nc3 Nge7 8.
Bd3 O-O 9. O-O h6 10. Bd2 Ba5 11. Qc1 Bb6 12. Bxh6 Bxd4 13. Bxg7 Kxg7 14. Qg5+
Ng6 15. Qg4 Bxe5 16. Ng5 Bf6 17. Nxf7 Rxf7 18. Qxg6+ Kf8 19. Rfe1 Ne5 20. Qh6+
Ke7 21. Bg6 Nxg6 22. Qxg6 Rg7 23. Qd3 Bd7 24. Nxd5+ Kf7 25. Nxf6 Qxf6 26. Qxd7+
Qe7 27. Rad1 Rag8 28. g3 Kf6 29. Qd4+ Kg6 30. Qg4+ Kh6 31. Rxe6+ Qxe6 32. Qxe6+
Rg6 33. Qe3+ Kh7 34. Rd7+ R6g7 35. Qe4+ Kh8 36. Qh4+ Rh7 37. Qxh7# 1-0

[Event "Michigan Junior"]
[Site "Flint, MI"]
[Date "1997.03.15"]
[Round "2.19"]
[White "Frelander, Marc"]
[Black "Mudri, Mark"]
[Result "0-1"]
[WhiteElo "1011"]
[BlackElo "751"]
[PlyCount "52"]
[EventDate "1997.03.15"]

1. e4 c6 2. Nf3 d5 3. Nc3 dxe4 4. Nxe4 Nf6 5. Nxf6+ exf6 6. g3 Bd6 7. d3 O-O 8.
Bf4 Bxf4 9. gxf4 Re8+ 10. Be2 Bg4 11. Kf1 Bh3+ 12. Ke1 Nd7 13. Nd4 Nc5 14. c3
Qd6 15. b4 Na6 16. b5 cxb5 17. Nxb5 Qc6 18. Rb1 Qxh1+ 19. Kd2 Qxd1+ 20. Kxd1
Bc8 21. Nd6 Rd8 22. Nxc8 Raxc8 23. Rxb7 g6 24. c4 Rb8 25. Rxa7 Nb4 26. a4 f5 {
Remainder illegible, 60?} 0-1

[Event "Michigan Junior"]
[Site "Flint, MI"]
[Date "1997.03.15"]
[Round "3.11"]
[White "Fleshman, Justin"]
[Black "Nolan, Brian"]
[Result "0-1"]
[WhiteElo "1090"]
[BlackElo "1419"]
[PlyCount "54"]
[EventDate "1997.03.15"]

1. d4 Nf6 2. e3 d5 3. Bd3 Bg4 4. f3 Bd7 5. Nd2 c5 6. dxc5 e5 7. b4 a5 8. Ba3
axb4 9. Bxb4 Nc6 10. a3 b6 11. cxb6 Nxb4 12. axb4 Bxb4 13. Rxa8 Qxa8 14. Qb1
Bxd2+ 15. Kxd2 O-O 16. c3 Rb8 17. e4 Qc6 18. exd5 Nxd5 19. c4 Nxb6 20. Qc2 Rd8
21. c5 Bf5 22. cxb6 Rxd3+ 23. Qxd3 Bxd3 24. Kxd3 Qxb6 25. Ne2 Kf8 26. f4 Qf2
27. Ng1 Qxg2 {White played the illegal 28.Ke4, 47?} 0-1

[Event "Michigan Junior"]
[Site "Flint, MI"]
[Date "1997.03.15"]
[Round "3.18"]
[White "Evans Jr., Thomas"]
[Black "Mudri, Mark"]
[Result "1-0"]
[WhiteElo "1278"]
[BlackElo "751"]
[PlyCount "94"]
[EventDate "1997.03.15"]

1. d4 d5 2. c4 Nf6 3. e3 Bf5 4. Nc3 e6 5. Nf3 c5 6. Be2 Be7 7. O-O O-O 8. Ne5
Nbd7 9. Nxd7 Qxd7 10. Bd3 Bxd3 11. Qxd3 Rac8 12. b3 cxd4 13. exd4 Rfd8 14. c5
Ne4 15. Be3 Nxc3 16. Qxc3 Rc6 17. b4 h6 18. b5 Rc7 19. Bf4 Rcc8 20. Qa5 Ra8 21.
Qa4 Rdc8 22. Rac1 b6 23. c6 Qe8 24. Qd1 Bf6 25. a4 Qe7 26. Re1 Qb4 27. Be5 Bxe5
28. Rxe5 a6 29. Rb1 Qa5 30. Re1 axb5 31. axb5 Kf8 32. Qf3 Qa4 33. Qf4 Ra5 34.
Qd6+ Kg8 35. Qd7 Raa8 36. h3 Qxd4 37. c7 Qc5 38. Rec1 Qf8 39. Rc6 Qe8 40. Qxe8+
Rxe8 41. Rxb6 Ra7 42. Rb8 Rxc7 43. Rxe8+ Kh7 44. b6 Rb7 45. Rc8 d4 46. Rc7 Rxb6
47. Rxb6 d3 1-0

[Event "Michigan Junior"]
[Site "Flint, MI"]
[Date "1997.03.15"]
[Round "1.13"]
[White "Brumley, Ron"]
[Black "Black, Jesse"]
[Result "1-0"]
[WhiteElo "1467"]
[BlackElo "874"]
[PlyCount "107"]
[EventDate "1997.03.15"]

1. d4 d5 2. Nf3 Nf6 3. Bg5 e6 4. Nbd2 Be7 5. e3 Nc6 6. c3 O-O 7. Bd3 h6 8. Bh4
Ne8 9. Bxe7 Qxe7 10. O-O Bd7 11. h3 e5 12. dxe5 Nxe5 13. Nxe5 Qxe5 14. e4 d4
15. Nf3 Qe7 16. Nxd4 Rd8 17. Qc2 f6 18. Rfe1 g6 19. Qb3+ Kh8 20. Qxb7 Ng7 21.
Qb3 Rb8 22. Qc2 Nh5 23. Rab1 Nf4 24. Bf1 Qg7 25. a3 Rbe8 26. Qd2 Ne6 27. Bc4
Nxd4 28. Qxd4 Re7 29. Qxa7 Rfe8 30. Kf1 c6 31. Qd4 Be6 32. Bxe6 Rxe6 33. f3 f5
34. Qxg7+ Kxg7 35. exf5 gxf5 36. a4 Kf6 37. b4 Rc8 38. Rxe6+ Kxe6 39. Rd1 Ra8
40. a5 c5 41. Ra1 cxb4 42. cxb4 Kd6 43. b5 Kc7 44. b6+ Kb7 45. Kf2 f4 46. Ra4
Ka6 47. Rxf4 Kxa5 48. Rf6 Ka6 49. Rxh6 Kb7 50. g4 Ra6 51. Rh7+ Kxb6 52. Rh6+
Kb7 53. Rxa6 Kxa6 54. g5 1-0

[Event "Michigan Junior"]
[Site "Flint, MI"]
[Date "1997.03.15"]
[Round "3.2"]
[White "Brumley, Ron"]
[Black "Ashton, Jeff"]
[Result "0-1"]
[WhiteElo "1467"]
[BlackElo "2009"]
[PlyCount "62"]
[EventDate "1997.03.15"]

1. d4 Nf6 2. Nf3 d6 3. Bg5 Nbd7 4. e3 e5 5. dxe5 dxe5 6. Bc4 Be7 7. O-O O-O 8.
Nbd2 e4 9. Nd4 Ne5 10. c3 c5 11. N4b3 Qc7 12. h3 Rd8 13. Bf4 Bd6 14. Bxe5 Bxe5
15. Qc2 Bf5 16. f3 Qc6 17. fxe4 Bg6 18. Be2 Bc7 19. Bf3 Qd6 20. Rfd1 Qh2+ 21.
Kf2 Re8 22. Nxc5 Qg3+ 23. Kg1 Bb6 24. Nf1 Qc7 25. Nb3 Nxe4 26. Qe2 Ng3 27. Qf2
Nxf1 28. Qxf1 Rxe3 29. Kh1 Qg3 30. Bxb7 Rae8 31. Bf3 Bc7 0-1

[Event "Michigan Junior"]
[Site "Flint, MI"]
[Date "1997.03.15"]
[Round "3.10"]
[White "Boyle, John"]
[Black "Raupp, Sarah"]
[Result "1-0"]
[WhiteElo "1449"]
[BlackElo "1102"]
[PlyCount "87"]
[EventDate "1997.03.15"]

1. d4 e6 2. Nf3 f5 3. Bg5 Nf6 4. Nbd2 b6 5. e4 Be7 6. e5 Nd5 7. Bxe7 Qxe7 8. c4
Nf4 9. g3 Ng6 10. Bg2 Bb7 11. O-O O-O 12. a3 d6 13. Qe2 Nd7 14. Rfe1 f4 15.
exd6 Qxd6 16. Qxe6+ Qxe6 17. Rxe6 fxg3 18. fxg3 Rae8 19. Rae1 Rxe6 20. Rxe6 Bc8
21. Rc6 Ne7 22. Rxc7 a5 23. Ne5 Rd8 24. Ndf3 Kf8 25. Nxd7+ Bxd7 26. Ne5 Be6 27.
d5 Bf5 28. Nc6 Nxc6 29. Rxc6 Re8 30. Rxb6 Re1+ 31. Kf2 Rc1 32. d6 Rxc4 33. Rb8+
Kf7 34. Bd5+ Be6 35. Bxc4 Bxc4 36. d7 Kg6 37. d8=Q Kh6 38. Qd6+ g6 39. Qf8+ Kh5
40. Rc8 Be6 41. Rc5+ Kg4 42. Kg2 g5 43. Qh6 Bf5 44. h3# 1-0

[Event "Michigan Junior"]
[Site "Flint, MI"]
[Date "1997.03.15"]
[Round "1.2"]
[White "Ashton, Jeff"]
[Black "Hamade, Wael"]
[Result "1-0"]
[WhiteElo "2009"]
[BlackElo "1147"]
[PlyCount "26"]
[EventDate "1997.03.15"]

1. e4 c5 2. d4 cxd4 3. c3 d6 4. cxd4 Nf6 5. h3 e6 6. Nf3 Be7 7. Bd3 a6 8. O-O
O-O 9. Qe2 Nbd7 10. Rd1 b5 11. e5 Ne8 12. Qe4 g6 13. Qxa8 d5 {Remainder
illegible, 24?} 1-0

[Event "Michigan Junior"]
[Site "Flint, MI"]
[Date "1997.03.15"]
[Round "2.16"]
[White "Arenson, Kevin"]
[Black "Rahal, Khalil"]
[Result "1-0"]
[WhiteElo "1108"]
[BlackElo "864"]
[PlyCount "65"]
[EventDate "1997.03.15"]

1. f4 Nc6 2. e3 e5 3. Be2 Nf6 4. fxe5 Nxe5 5. d4 Nc6 6. Nf3 d5 7. c4 Ne4 8. a3
Bg4 9. O-O Na5 10. Qa4+ c6 11. Qc2 Rc8 12. b4 Nxc4 13. Bxc4 dxc4 14. Qxe4+ Be6
15. Nc3 Bd6 16. Bd2 O-O 17. Qc2 b5 18. e4 Qf6 19. e5 Bf5 20. exf6 Bxc2 21. fxg7
Kxg7 22. Nh4 Bd3 23. Rf2 Be7 24. Nf5+ Bxf5 25. Rxf5 Rfd8 26. Kf1 Rd7 27. Rd1 a6
28. Rf4 Bg5 29. Rg4 f6 30. h4 h6 31. Rg3 Kg6 32. hxg5 fxg5 33. Kg1 {Remainder
illegible, 60?} 1-0

[Event "Michigan Junior"]
[Site "Flint, MI"]
[Date "1997.03.15"]
[Round "1.9"]
[White "Aldrich, Justin"]
[Black "Laurin, Edward"]
[Result "1-0"]
[WhiteElo "1653"]
[BlackElo "984"]
[PlyCount "119"]
[EventDate "1997.03.15"]

1. e4 e5 2. Nf3 Nc6 3. Bc4 Bc5 4. d3 d6 5. h3 h6 6. O-O Nf6 7. Nc3 Be6 8. Bb3
O-O 9. Be3 Bd4 10. Bxd4 Nxd4 11. Nxd4 exd4 12. Ne2 c5 13. f4 Qd7 14. f5 Bxb3
15. axb3 d5 16. e5 Nh5 17. g4 f6 18. e6 Qd6 19. gxh5 c4 20. Nf4 cxb3 21. cxb3
Qe5 22. Qg4 Rac8 23. Kh1 Qe3 24. Rg1 g5 25. hxg6 Rc2 26. Nxd5 Qd2 27. Ne7+ Kg7
28. Rg2 Rc1+ 29. Kh2 Qe1 30. Rxc1 Qxc1 31. Qxd4 Qc7+ 32. Kh1 Qxe7 33. Rc2 Rd8
34. Qc5 Qxc5 35. Rxc5 Rxd3 36. Rc7+ Kf8 37. g7+ Kg8 38. e7 Rxh3+ 39. Kg2 Re3
40. Rc8+ Kxg7 41. e8=Q Rxe8 42. Rxe8 Kf7 43. Rc8 Ke7 44. Rc7+ Kd6 45. Rxb7 Ke5
46. Rxa7 Kxf5 47. b4 h5 48. b5 h4 49. b6 Kg4 50. Rg7+ Kf4 51. b7 h3+ 52. Kxh3
f5 53. b8=Q+ Ke4 54. Re7+ Kd5 55. Qd8+ Kc4 56. Rc7+ Kb3 57. Qd3+ Ka2 58. Ra7+
Kxb2 59. Rb7+ Ka2 60. Qa6# 1-0

[Event "Michigan Junior"]
[Site "Flint, MI"]
[Date "1997.03.15"]
[Round "3.9"]
[White "Aldrich, Justin"]
[Black "Arenson, Kevin"]
[Result "1-0"]
[WhiteElo "1653"]
[BlackElo "1108"]
[PlyCount "91"]
[EventDate "1997.03.15"]

1. e4 e5 2. Nf3 Nc6 3. Bc4 Bc5 4. d3 Nf6 5. Nc3 O-O 6. O-O d6 7. h3 Be6 8. Bb3
Qc8 9. Bd2 Bxh3 10. gxh3 Qxh3 11. Nh2 Nh5 12. Qf3 Qg3+ 13. Kh1 Qxf3+ 14. Nxf3
Nd4 15. Nxd4 Bxd4 16. Rab1 c6 17. Ne2 Bb6 18. f4 Rae8 19. f5 Kh8 20. Rf3 Nf6
21. Bb4 Rd8 22. a4 a6 23. Rbf1 h6 24. Rh3 Nh7 25. Kg2 f6 26. Ng3 Ng5 27. Rh4
Be3 28. Rd1 Nh7 29. Nf1 Bg5 30. Rh1 Bf4 31. Nd2 Bxd2 32. Rxd2 b6 33. Kf1 Rfe8
34. Rg2 Ng5 35. Bd2 d5 36. exd5 cxd5 37. Bxg5 fxg5 38. Rxg5 Kg8 39. Rg6 Rf8 40.
Rh5 Rf6 41. Rxf6 gxf6 42. Rxh6 Kg7 43. Rg6+ Kf7 44. c4 dxc4 45. Bxc4+ Ke7 46.
Bxa6 1-0

[Event "Michigan Junior"]
[Site "Flint, MI"]
[Date "1997.03.16"]
[Round "5.1"]
[White "Zaremba, Andrei"]
[Black "Ashton, Jeff"]
[Result "1-0"]
[WhiteElo "2292"]
[BlackElo "2009"]
[PlyCount "69"]
[EventDate "1997.03.15"]

1. c4 c5 2. Nf3 Nf6 3. Nc3 Nc6 4. g3 g6 5. d4 cxd4 6. Nxd4 Nxd4 7. Qxd4 Bg7 8.
Bg2 O-O 9. Qd3 d6 10. O-O a6 11. Bg5 Rb8 12. Rac1 Qa5 13. Bd2 Qb6 14. b3 Bd7
15. e4 Rfc8 16. Rfe1 Qd8 17. a4 Ng4 18. Nd5 Nf6 19. a5 Nxd5 20. exd5 Bf6 21. b4
b5 22. c5 Bf5 23. Be4 Bxe4 24. Rxe4 dxc5 25. bxc5 e6 26. d6 Qd7 27. Bb4 Rc6 28.
h4 Bg7 29. Rce1 Rbc8 30. Qe3 e5 31. Rxe5 Bxe5 32. Qxe5 Qf5 33. Qxf5 gxf5 34. d7
Rf8 35. Re8 1-0

[Event "Michigan Junior"]
[Site "Flint, MI"]
[Date "1997.03.16"]
[Round "4.4"]
[White "Solon, Nathan"]
[Black "Gentry, Loyd"]
[Result "1-0"]
[WhiteElo "1669"]
[BlackElo "1696"]
[PlyCount "115"]
[EventDate "1997.03.15"]

1. e4 c5 2. Nf3 Nc6 3. d4 cxd4 4. Nxd4 Nf6 5. Nc3 e6 6. Bg5 Be7 7. f4 Qb6 8.
Nb3 h6 9. Bxf6 Bxf6 10. e5 Be7 11. Qd2 a5 12. a4 Bb4 13. O-O-O Ne7 14. Kb1 O-O
15. g4 Rd8 16. Bd3 d5 17. f5 exf5 18. gxf5 Bxc3 19. Qxc3 Nxf5 20. Bxf5 Bxf5 21.
Nd4 Rac8 22. Qg3 Qc5 23. Rd2 Be6 24. Rg1 Qf8 25. Rdg2 Kh8 26. Nxe6 fxe6 27.
Qxg7+ Qxg7 28. Rxg7 Rg8 29. R7g3 Rxg3 30. Rxg3 Rg8 31. Rf3 Rg5 32. Rf8+ Kg7 33.
Rb8 Rxe5 34. Rxb7+ Kf6 35. Rb5 d4 36. Kc1 Rxb5 37. axb5 Ke7 38. Kd2 Kd6 39. Kd3
Kc5 40. b6 Kxb6 41. Kxd4 Kc6 42. Ke5 Kd7 43. b3 h5 44. h4 Ke7 45. c3 Kf7 46. c4
Ke7 47. c5 Kd7 48. Kf4 Kc6 49. Kg5 e5 50. Kxh5 Kxc5 51. Kg4 Kd4 52. h5 e4 53.
h6 e3 54. h7 e2 55. h8=Q+ Kd3 56. Qe5 Kc2 57. Qxe2+ Kxb3 58. Qb5+ 1-0

[Event "Michigan Junior"]
[Site "Flint, MI"]
[Date "1997.03.16"]
[Round "4.8"]
[White "Saenz, Scott"]
[Black "Phalen, Michael"]
[Result "0-1"]
[WhiteElo "1299"]
[BlackElo "1455"]
[PlyCount "90"]
[EventDate "1997.03.15"]

1. d4 e6 2. c4 Nf6 3. Nc3 Bb4 4. Bg5 h6 5. Bxf6 Qxf6 6. Nf3 b6 7. e3 Bb7 8. Bd3
d6 9. O-O Bxf3 10. Qxf3 Qxf3 11. gxf3 Bxc3 12. bxc3 f5 13. d5 Ke7 14. f4 Na6
15. Kg2 Nc5 16. Bc2 Rhg8 17. h4 g5 18. hxg5 hxg5 19. fxg5 Rxg5+ 20. Kf3 Rh8 21.
Rh1 Rgh5 22. Rxh5 Rxh5 23. Rg1 Kf6 24. e4 fxe4+ 25. Bxe4 Rh3+ 26. Rg3 Rxg3+ 27.
fxg3 Nxe4 28. Kxe4 e5 29. a4 Kg5 30. Kf3 Kh5 31. Kg2 Kg4 32. Kf2 e4 33. Ke3
Kxg3 34. Kxe4 Kf2 35. Kd3 Ke1 36. Kc2 Ke2 37. Kb3 Kd3 38. Kb4 Kc2 39. a5 bxa5+
40. Kxa5 Kxc3 41. Kb5 a6+ 42. Kc6 Kxc4 43. Kxc7 Kxd5 44. Kb6 Kc4 45. Kxa6 d5
0-1

[Event "Michigan Junior"]
[Site "Flint, MI"]
[Date "1997.03.16"]
[Round "4.19"]
[White "Raupp, Sarah"]
[Black "Pleasant, Andrew"]
[Result "1-0"]
[WhiteElo "1102"]
[BlackElo "892"]
[PlyCount "77"]
[EventDate "1997.03.15"]

1. f4 Nf6 2. e3 e6 3. b3 d5 4. Bb2 Be7 5. Nf3 O-O 6. Be2 Nc6 7. O-O Bd7 8. d3
Bc5 9. d4 Be7 10. Ne5 Nxe5 11. fxe5 Ne8 12. Nd2 Bg5 13. Rf3 c6 14. Ba3 Be7 15.
Bxe7 Qxe7 16. Bd3 c5 17. Rh3 g6 18. Qg4 f5 19. Qg3 b6 20. Rf1 cxd4 21. exd4 Qb4
22. Nf3 Bb5 23. Bxb5 Qxb5 24. Ng5 Qd7 25. Nxh7 Qxh7 26. Rxh7 Kxh7 27. Qh4+ Kg7
28. Rf3 Kf7 29. g4 Rg8 30. Kf2 g5 31. Qh5+ Rg6 32. gxf5 exf5 33. Rxf5+ Kg7 34.
Rxg5 Kg8 35. Qxg6+ Kf8 36. Qg8+ Ke7 37. Rg7+ Kd8 38. Qxd5+ Kc8 39. Qxa8# 1-0